| 000 | 00632nam a2200229 4500 | ||
|---|---|---|---|
| 001 | 77292 | ||
| 003 | BD-RjUL | ||
| 005 | 20211209082944.0 | ||
| 008 | 200311s1960 n ||||| |||| 00| 0 eng d | ||
| 035 | _a(BD-RjUL) | ||
| 040 |
_aBD-RjUL _beng _cBD-RjUL |
||
| 041 | _aeng | ||
| 082 |
_221 _a811.52 _bEBC 1960 |
||
| 100 |
_aEberhart, Richard _9240718 |
||
| 245 |
_aCollected poems, 1930-1960 / _cRichard Eberhart |
||
| 260 |
_aNewYork : _boxford University press , _c1960 |
||
| 300 |
_axii, 228 p. ; _c22 cm |
||
| 500 | _aIncludes Index | ||
| 650 |
_aAmerican poetry _9240719 |
||
| 650 |
_aPoetry, Modern _9240720 |
||
| 942 |
_2ddc _cBK |
||
| 999 |
_c77292 _d77292 |
||